| 000 | 01041cam a2200265 4500 | ||
|---|---|---|---|
| 001 | WB3634-32 | ||
| 008 | 000000n2000 000 0 eng u | ||
| 035 | _a(Sirsi) u108107 | ||
| 245 | _aProtecting England's wildlife | ||
| 260 | _c2000 | ||
| 490 |
_aDETR News Release _v(562) 24 August 2000, (4) |
||
| 520 | _aGovernment announces proposals to enhance protection for England's wildlife and habitats. Special Areas of Conservation sites will increase by 50% and and co-operation between those involved with Sites of Special Scientific Interest will be encouraged. Map detailing proposed SACs at www.press.detr.gov.uk (in pdf format) | ||
| 590 | _aWB | ||
| 650 | _aWILDLIFE CONSERVATION | ||
| 650 | _aHABITAT PROTECTION | ||
| 650 | _aDETR | ||
| 650 | _aNATURE CONSERVATION | ||
| 650 | _aENGLISH NATURE | ||
| 650 | _aSITES OF SPECIAL SCIENTIFIC INTEREST | ||
| 650 | _aSITES OF SPECIAL SCIENTIFIC INTEREST | ||
| 650 | _aSPECIAL AREAS OF CONSERVATION | ||
| 650 | _aSAC | ||
| 690 | _aRURAL-NATURE CONSERVATION | ||
| 942 | _n0 | ||
| 999 |
_c64574 _d64574 |
||